00809 2200289 4500001002100000005001700021008004100038035002400079082000800103090001500111100001800126245013900144250001100283260003400294300003100328650001700359700001700376700001800393700001500411850001500426980001200441985000600453999001500459990001500474990001500489990001500504YOGYA-0209000000883220090227021138.0 ind  0010-020900000008832 a117 a117bFis M aFISHER, Roger aMencapai yabmerundingkan kesepakatan tanpa harus menyerahcRoger Fisher, William Ury ; editor, Bruce Potton ; alih bahasa, T. Hermaya aCet. 1 aJakartabPustaka Tanggac1993 axiii, 235 hlmbilusc21 cm aEtika sosial aUry, William aPatton, Bruce aHermaya, T aYOPDYOG(B) a26-5-05 a1 a96P0080732 a80732-P/96 a80731-P/96 a80733-P/96